Liga Winners - Statistiques

Statistiques générales
  • Ce quiz a été pris 180 fois
  • Le résultat moyen est 81 sur 93
Statistiques - réponses
Année Winners % Correct
1932 Real Madrid
100%
1933 Real Madrid
100%
1954 Real Madrid
100%
1955 Real Madrid
100%
1957 Real Madrid
100%
1958 Real Madrid
100%
1961 Real Madrid
100%
1962 Real Madrid
100%
1963 Real Madrid
100%
1964 Real Madrid
100%
1965 Real Madrid
100%
1967 Real Madrid
100%
1968 Real Madrid
100%
1969 Real Madrid
100%
1972 Real Madrid
100%
1975 Real Madrid
100%
1976 Real Madrid
100%
1978 Real Madrid
100%
1979 Real Madrid
100%
1980 Real Madrid
100%
1986 Real Madrid
100%
1987 Real Madrid
100%
1988 Real Madrid
100%
1989 Real Madrid
100%
1990 Real Madrid
100%
1995 Real Madrid
100%
1997 Real Madrid
100%
2001 Real Madrid
100%
2003 Real Madrid
100%
2007 Real Madrid
100%
2008 Real Madrid
100%
2012 Real Madrid
100%
2017 Real Madrid
100%
2020 Real Madrid
100%
1929 Barcelone
99%
1945 Barcelone
99%
1948 Barcelone
99%
1949 Barcelone
99%
1952 Barcelone
99%
1953 Barcelone
99%
1959 Barcelone
99%
1960 Barcelone
99%
1974 Barcelone
99%
1985 Barcelone
99%
1991 Barcelone
99%
1992 Barcelone
99%
1993 Barcelone
99%
1994 Barcelone
99%
1998 Barcelone
99%
1999 Barcelone
99%
2005 Barcelone
99%
2006 Barcelone
99%
2009 Barcelone
99%
2010 Barcelone
99%
2011 Barcelone
99%
2013 Barcelone
99%
2015 Barcelone
99%
2016 Barcelone
99%
2018 Barcelone
99%
2019 Barcelone
99%
1940 Atletico Madrid
95%
1941 Atletico Madrid
95%
1950 Atletico Madrid
95%
1951 Atletico Madrid
95%
1966 Atletico Madrid
95%
1970 Atletico Madrid
95%
1973 Atletico Madrid
95%
1977 Atletico Madrid
95%
1996 Atletico Madrid
95%
2014 Atletico Madrid
95%
2021 Atletico Madrid
95%
1946 Seville
89%
1942 Valence
79%
1944 Valence
79%
1947 Valence
79%
1971 Valence
79%
2002 Valence
79%
2004 Valence
79%
1935 Betis Seville
55%
1981 Real Sociedad
55%
1982 Real Sociedad
55%
1930 Athletic Bilbao
40%
1931 Athletic Bilbao
40%
1934 Athletic Bilbao
40%
1936 Athletic Bilbao
40%
1943 Athletic Bilbao
40%
1956 Athletic Bilbao
40%
1983 Athletic Bilbao
40%
1984 Athletic Bilbao
40%
2000 La Corogne
39%
1937 -
3%
1938 -
3%
1939 -
3%
Aucun quiz correspondant
Distribution des résultats
% des personnes avec chaque résultat
Percentile par nombre de réponses
Votre historique - résultats
Vous n’avez pas pris ce quiz